KOHA-Header-6

Maseer-ra-tul-Bashar (Record no. 6169)

000 -LEADER
fixed length control field 00262nam a2200109Ia 4500
008 - FIXED-LENGTH DATA ELEMENTS--GENERAL INFORMATION
fixed length control field 190906s9999||||xx |||||||||||||| ||und||
100 ## - MAIN ENTRY--PERSONAL NAME
Personal name Afaq Siddiqui
245 #0 - TITLE STATEMENT
Title Maseer-ra-tul-Bashar
260 ## - PUBLICATION, DISTRIBUTION, ETC. (IMPRINT)
Place of publication, distribution, etc Karachi
Name of publisher, distributor, etc Royal Book Company
Date of publication, distribution, etc 2004
300 ## - PHYSICAL DESCRIPTION
Extent 289
942 ## - ADDED ENTRY ELEMENTS (KOHA)
Koha item type Books
Holdings
Withdrawn status Lost status Damaged status Not for loan Collection code Permanent Location Current Location Shelving location Date acquired Full call number Barcode Date last seen Price effective from Koha item type
        Urdu Literature MAJU MAJU   2019-09-06 339.14 4304 2019-09-06 2019-09-06 Urdu Literature

Powered by Koha